Central Library OPAC University of Rajshahi

Agriculcure update / (Record no. 74382)

MARC details
000 -LEADER
fixed length control field 00702nam a2200253 a 4500
001 - CONTROL NUMBER
control field 74382
003 - CONTROL NUMBER IDENTIFIER
rucl marc code BD-RjUL
005 - DATE AND TIME OF LATEST TRANSACTION
control field 20211209082538.0
008 - FIXED-LENGTH DATA ELEMENTS--GENERAL INFORMATION
fixed length control field 180812s2007 ii ad||| i||| 001 0 eng d
020 ## - INTERNATIONAL STANDARD BOOK NUMBER
International Standard Book Number 8181892070
Terms of availability :Rs 225.00
035 ## - SYSTEM CONTROL NUMBER
System control number (BD-RjUL)74600
040 ## - CATALOGING SOURCE
Original cataloging agency BD-RjUL
Language of cataloging eng
Transcribing agency BD-RjUL
041 ## - LANGUAGE CODE
Language code of text/sound track or separate title eng
082 ## - DEWEY DECIMAL CLASSIFICATION NUMBER
Edition number 23
Classification number 630
Author mark and year KUA 2007
100 1# - MAIN ENTRY--PERSONAL NAME
Personal name Kumar, Anil
9 (RLIN) 222247
245 10 - TITLE STATEMENT
Title Agriculcure update /
Statement of responsibility, etc. Anil Kumar , Jag Paul Sharma
250 ## - EDITION STATEMENT
Edition statement 1st ed.
260 ## - PUBLICATION, DISTRIBUTION, ETC. (IMPRINT)
Place of publication, distribution, etc. India :
Name of publisher, distributor, etc. International book distributing ,
Date of publication, distribution, etc. 2007
300 ## - PHYSICAL DESCRIPTION
Pagination 453 p. :
Illustrations ill ;
Size 22 cm
500 ## - GENERAL NOTE
General note Includes Index
650 ## - SUBJECT ADDED ENTRY--TOPICAL TERM
Topical term or geographic name as entry element Agriculture
9 (RLIN) 222248
700 ## - ADDED ENTRY--PERSONAL NAME
Personal name Sharma, Jag Paul
942 ## - ADDED ENTRY ELEMENTS (KOHA)
Source of classification or shelving scheme Dewey Decimal Classification
Koha item type Books
Holdings
Lost status Source of classification or shelving scheme Damaged status Not for loan Collection code Permanent Location Current Location Shelving location Date acquired Source of acquisition Cost, normal purchase price Total Checkouts Full call number Date last seen Copy number Koha item type
  Dewey Decimal Classification   Not For Loan Non-fiction Central Library, University of Rajshahi Central Library, University of Rajshahi Reading Room 19/07/2018 Dhaka : Paragon Interprisees 369.00   630 KUA 2007 12/08/2018 C-1 Books